Normal view
MARC view
- Technical Program.
Entry Topical Term
001 - CONTROL NUMBER
- control field: 34462
003 - CONTROL NUMBER IDENTIFIER
- control field: OSt
005 - DATE AND TIME OF LATEST TRANSACTION
- control field: 20190117104809.0
008 - FIXED-LENGTH DATA ELEMENTS
- fixed length control field: 190117|| aca||aabn | a|a d
040 ## - CATALOGING SOURCE
- Original cataloging agency: OSt
- Transcribing agency: OSt
150 ## - HEADING--TOPICAL TERM
- Topical term or geographic name entry element: Technical Program.
- Form subdivision: Information Technology
- General subdivision: Undergraduate thesis.
670 ## - SOURCE DATA FOUND
- Source citation: Work cat.: (OSt): Lindayao, Joy 34461, Log's data analytics for internet usage of UMDC using pagerank algorithm /, April 2018.
